|
|
|
|
| LEADER |
00000nam0a2200000 4500 |
| 001 |
339005 |
| 005 |
20231102005113.0 |
| 035 |
|
|
|a (RuTPU)RU\TPU\book\365510
|
| 090 |
|
|
|a 339005
|
| 100 |
|
|
|a 20171207d1963 m y0rusy50 ca
|
| 101 |
0 |
|
|a rus
|
| 102 |
|
|
|a RU
|
| 105 |
|
|
|a a z 001yy
|
| 200 |
1 |
|
|a Усиление маслянных выключателей 6-220 кв.
|f А. А. Васильев, Н. П. Симочатов
|
| 210 |
|
|
|a Москва
|a Ленинград
|c Госэнергоиздат
|c 1963
|
| 215 |
|
|
|a 64 с.
|c ил.
|
| 225 |
1 |
|
|a Библиотека электромонтера
|v Вып. 113
|
| 320 |
|
|
|a Библиогр. в конце кн.
|
| 606 |
1 |
|
|a Выключатели масляные
|2 stltpush
|3 (RuTPU)RU\TPU\subj\79161
|9 87903
|
| 610 |
1 |
|
|a усиление
|
| 610 |
1 |
|
|a гашение
|
| 610 |
1 |
|
|a электрическая дуга
|
| 610 |
1 |
|
|a отключающие устройства
|
| 610 |
1 |
|
|a мощность
|
| 675 |
|
|
|a 621.316
|v 4
|
| 700 |
|
1 |
|a Васильев
|b А. А.
|g Аркадий Александрович
|
| 701 |
|
1 |
|a Симочатов
|b Н. П.
|g Николай Петрович
|
| 801 |
|
1 |
|a RU
|b 63413507
|c 20171207
|
| 801 |
|
2 |
|a RU
|b 63413507
|c 20201103
|g RCR
|
| 942 |
|
|
|c BK
|